00691nam a2200241 a 4500001001300000003000900013005001700022008004100039020002300080082001300103100001500116245003700131260004300168300000900211500003500220505001000255650002300265700001500288902000800303942000700311952011400318999001700432nice12345678IN_TiNIC20260116014023.0111116s2010 lona grp 000 0 eng  a9780415254021c35000a809bRIC aRichards,  aPrinciples of Literary Criticism aLondon bRoutledge Chapman Hall c2010 a283p aincludes index and biblioraphy2 aIndex aCriticism-Literary1 aRichards,  bSRS cBK 001040708StackRoom-aHMIbHMId2011-11-16g350.00l0o809 RICp023711r2011-11-16v350.00w2011-11-16yBK c13535d13535